Name the Group - Geography - Statistics

General Stats
  • This quiz has been taken 2,243 times
  • The average score is 13 of 20
Answer Stats
Members Group % Correct
England Scotland Wales N. Ireland United Kingdom
97%
Brooklyn Bronx Manhattan Queens Staten Island New York City Boroughs
87%
Estonia Latvia Lithuania Baltics
86%
Atlantic Arctic Indian Pacific Southern Oceans
84%
Hokkaido Honshu Shikoku Kyushu Islands of Japan
76%
Pretoria Cape Town Bloemfontein South Africa Capitals
75%
Nile Congo Niger African Rivers
74%
Erie Huron Michigan Superior Ontario Great Lakes
74%
O'ahu Hawai'i Maui Kaua'i Hawaiian Islands
73%
Sydney Melbourne Brisbane Perth Adelaide Australian Cities
70%
Dominican Republic Haiti Hispaniola Island
69%
Puerto Rico Guam Virgin Islands N. Mariana Islands American Samoa U.S. Territories
66%
Belgium Netherlands Luxembourg Benelux
64%
Denmark Finland Iceland Norway Sweden Nordics
61%
Northwestern Territories Nunavut Yukon Canadian Territories
55%
Brazil Russia India China South Africa BRICS
53%
Brunei Indonesia Malaysia Borneo Island
50%
Arizona Colorado New Mexico Utah Four Corner States
46%
Arctic Cancer Equator Capricorn Antarctic Main Latitude Circles
44%
Australia Canada New Zealand U.K. U.S.A. Five Eyes
12%
No matching quizzes found
Score Distribution
Percent of People with Each Score
Percentile by Number Answered
Your Score History
You have not taken this quiz